| 000 | 01141nam0a22002651 4500 | ||
|---|---|---|---|
| 001 | rc\4667250 | ||
| 005 | 20260405095842.0 | ||
| 021 |
_aRU _bРг3886-58 |
||
| 035 | _a(NLR Aleph) 008700246 | ||
| 090 |
_a9294183 _c9294183 |
||
| 100 | _a20130416d1958 |||y0rusy50 ca | ||
| 101 | 0 | _arus | |
| 102 | _aRU | ||
| 105 | _ay z ||||| | ||
| 200 | 1 |
_aИз истории французского социального романа 10-х годов XIX века _e(Ж. Санд "Мельник из Анжибо") _fМ-во высш. образования СССР. Урал. гос. ун-т им. А.М. Горького |
|
| 210 |
_aСвердловск _cБ. и. _d1958 |
||
| 215 |
_a47 с. _d22 |
||
| 604 |
_150010$aМельник из Анжибо _1700#1$aСанд$bЖ.$f1804-1876$gЖорж _tМельник из Анжибо _aСанд, Жорж (1804-1876) |
||
| 700 | 1 |
_7ca _8rus _aПетрова _bЕ. А. _cд-р филол. наук _f1929- _gЕвгения Андреевна _919175 _3RU\NLR\AUTH\7736184 |
|
| 801 | 0 |
_aRU _bNLR _gpsbo |
|
| 801 | 1 |
_aRU _bELAR _2rusmarc |
|
| 852 |
_aNLR _j58-6/5278 |
||
| 942 | _cBOOK | ||
| 980 | _aNB | ||